| 000 | 00834nmm a2200289 a 4500 | ||
|---|---|---|---|
| 003 | AR-BaBNM | ||
| 005 | 20251128211233.0 | ||
| 008 | 243020s2003 ||||||||||||||000 | spa|| | ||
| 020 | _a987-1061-09-9 | ||
| 040 | _cAR-BaBNM | ||
| 100 | 1 | _aBroitman, Claudia | |
| 245 | 1 | 0 |
_aNúmeros en el nivel inicial _bpropuestas de trabajo |
| 260 |
_aBuenos Aires _bHola chicos _c2003 |
||
| 300 |
_a95 p. _bil., gráfs. |
||
| 504 | _aContiene referencias bibliográficas p. 93-95 | ||
| 650 | 4 | _aENSEÑANZA DE LAS MATEMATICAS | |
| 650 | 4 | _aJUEGOS EDUCATIVOS | |
| 650 | 4 | _aACTIVIDADES DE APRENDIZAJE | |
| 650 | 4 | _aNUMERACION | |
| 650 | 4 | _aCONCEPTOS MATEMATICOS | |
| 653 | _aESTRATEGIAS DIDACTICAS | ||
| 653 | _aPROBLEMAS [MATEMATICA] | ||
| 700 | 1 | _aKuperman, Cinthia | |
| 700 | 1 | _aPonce, Héctor | |
| 942 | _cBK | ||
| 998 | _craquel | ||
| 999 |
_c18849 _d18849 |
||